000 02484nam a22002657a 4500
999 _c58567
_d58567
003 Ge_BSU
005 20220606112250.0
008 220606s2017 ge ||||| |||| 00| 0 geo d
020 _a9789941468315
041 _ageo
080 _a821.14'04.09-13 დ-45
245 _aდიგენის აკრიტასი :
_c [ბიზანტიური ეპოსი] / თარგმანი, გამოკვლევა და კომენტარები ელისო ელიზბარაშვილისა ; რედაქტორი ნელი მახარაძე ; ივანე ჯავახიშვილის სახ. თბილისის სახელმწ. უნ-ტი, კლასიკური ფილოლოგიის, ბიზანტინისტიკისა და ნეოგრეცისტიკის ინ-ტი
264 _aთბილისი :
_bლოგოსი,
_c2017.
300 _a334 გვ. ;
_b20 სმ.
490 _aპროგრამა "ლოგოსი" : პუბლიკაციები და ღონისძიებები კლასიკური ფილოლოგიის, ბიზანტინისტიკისა და ნეოგრეცისტიკის სფეროში
500 _aგარეკანზე - ბიზანტიური თეფში, XII ს., კორინთოს მუზეუმი.
501 _aსახელთა საძიებელი: გვ. 323-333. კომენტარები: გვ. 265-287.
504 _aბიბლიოგრ.: გვ. 307-321 და ტექსტის შენიშვნებში.
520 _aრეზიუმე ინგლ. ენაზე.
653 _aბიზანტიური პოემის ისტორია და კრიტიკა.
700 _aელიზბარაშვილი, ელისო
_eმთარგმნელი
_913979
700 _aმახარაძე, ნელი
_eრედაქტორი
_910460
710 _aივანე ჯავახიშვილის სახ. თბილისის სახელმწ. უნ-ტი.
_bკლასიკური ფილოლოგიის, ბიზანტინისტიკისა და ნეოგრეცისტიკის ინ-ტი.
_913901
942 _2udc
_cBK